| 000 | 00485nam a22001577a 4500 | ||
|---|---|---|---|
| 008 | 230616b |||||||| |||| 00| 0 eng d | ||
| 040 |
_aNational Science Library _cNational Science Library |
||
| 080 |
_a621.74 _bF9 |
||
| 100 | _aPalmer, R H | ||
| 245 |
_aFoundry practice: _bA text book for executives, Molders, students and apprentices |
||
| 260 |
_aLondon: _bJohn Wiley & Sons, Inc., _c1929 |
||
| 300 | _a450p. | ||
| 650 | _aScience | ||
| 653 | _aFoundry | ||
| 942 |
_2udc _cBK |
||
| 999 |
_c44167 _d44167 |
||